Surviving office politics (Record no. 122338)
[ view plain ]
| 000 -LEADER | |
|---|---|
| fixed length control field | 01248nam a2200325Ia 4500 |
| 082 04 - DEWEY DECIMAL CLASSIFICATION NUMBER | |
| Classification number | 650.13 |
| 100 1# - MAIN ENTRY--AUTHOR NAME | |
| Personal name | Forsyth, Patrick. |
| 245 10 - TITLE STATEMENT | |
| Title | Surviving office politics |
| 260 ## - PUBLICATION, DISTRIBUTION, ETC. (IMPRINT) | |
| Place of publication | Singapore ; |
| -- | Tarrytown, NY : |
| Name of publisher | Marshall Cavendish Editions, |
| Year of publication | c2007. |
| 300 ## - PHYSICAL DESCRIPTION | |
| Number of Pages | 158 p. : |
| Other physical details | ill. |
| 650 #0 - SUBJECT ADDED ENTRY--TOPICAL TERM | |
| Topical Term | Office politics. |
| Topical Term | Organizational behavior. |
| Topical Term | Success in business. |
| Topical Term | Career development. |
| 856 40 - ELECTRONIC LOCATION AND ACCESS | |
| Uniform Resource Identifier | http://site.ebrary.com/lib/rucke/Doc?id=10515526 |
No items available.
